000 00524nam a2200217Ia 4500
003 OSt
005 20220924133414.0
006 a|||||r|||| 00| 0
007 ta
008 220923b |||||||| |||| 00| 0 snd d
024 _a265148
037 _cTextual
040 _aARTS
_cARTS
_bsnd
041 _2snd
_asnd
082 _aO122;3N13:11, 1593K7
100 _aKamu
_9206354
245 0 _aAjnabi
260 _c1967
942 _hO122;3N13:11, 1593K7
_cTEXL
_2CC
999 _c433690
_d433690